000 00222nam a22000857a 4500
008 160708b xxu||||| |||| 00| 0 eng d
100 _92420
_a Rogers, C.R
245 _aFreedom to Learn
260 _aOhio
_b Charles E.Merrill
_c1969
999 _c2095
_d2095